Wszystkie 2-literowe słowa - Statystyki

Ogólne statystyki
  • Ten quiz został rozwiązany 37 razy
  • Średni wynik to 86 z 127
Statystyki odpowiedzi
Słowo % Poprawnych
co
96%
ba
89%
da
89%
bo
85%
do
85%
ja
85%
85%
ma
85%
85%
ta
85%
85%
ul
85%
za
85%
by
81%
ce
81%
ka
81%
po
81%
te
81%
81%
to
81%
ty
81%
ar
78%
be
78%
my
78%
na
78%
no
78%
od
78%
ód
78%
on
78%
78%
we
78%
wy
78%
ze
78%
że
78%
ad
74%
74%
ci
74%
go
74%
ko
74%
tu
74%
aj
70%
as
70%
bu
70%
de
70%
fa
70%
ha
70%
ku
70%
la
70%
ów
70%
70%
ag
67%
al
67%
at
67%
bi
67%
er
67%
67%
je
67%
li
67%
mi
67%
mu
67%
ni
67%
os
67%
67%
ós
67%
pa
67%
pe
67%
pi
67%
aa
63%
au
63%
dy
63%
eh
63%
ej
63%
em
63%
en
63%
63%
eo
63%
es
63%
63%
ew
63%
fe
63%
he
63%
63%
id
63%
63%
ki
63%
lu
63%
me
63%
nu
63%
ok
63%
or
63%
ot
63%
re
63%
ro
63%
wu
63%
ef
59%
el
59%
59%
et
59%
ez
59%
fi
59%
59%
gu
59%
hi
59%
in
59%
ny
59%
oj
59%
op
59%
se
59%
si
59%
fu
56%
hm
56%
ho
56%
hu
56%
im
56%
iw
56%
oh
56%
om
56%
ud
56%
uf
56%
oz
52%
52%
su
52%
ts
52%
ut
52%
ee
48%
ii
48%
uu
44%
Nie znaleziono quizów pasujących do podanych kryteriów
Rozkład punktacji
Procent ludzi z każdym wynikiem
Percentyl według liczby udzielonych odpowiedzi
Twoja historia wyników
Nie rozwiązałeś tego quizu